LEADER 00980cam0-22003611i-450 001 990003779730403321 005 20190409165501.0 010 $a88-204-3227-7 035 $a000377973 035 $aFED01000377973 035 $a(Aleph)000377973FED01 035 $a000377973 100 $a20030910d1989----km-y0itay50------ba 101 0 $aita 102 $aIT 105 $ay-------001yy 200 1 $a<>famiglia come relazione sociale$fPierpaolo Donati 210 $aMilano$cF. Angeli$dc1989 215 $a318 p.$d21 cm 225 1 $aSociologia e politica sociale$v12 610 0 $aFamiglia (sociologia) 676 $a306.85 676 $a15430 700 1$aDonati,$bPierpaolo$f<1946- >$039910 801 0$aIT$bUNINA$gRICA$2UNIMARC 901 $aBK 912 $a990003779730403321 952 $a306.85 DON 3$b2882/b$fBFS 952 $a15430 DON$b7949$fSES 959 $aBFS 959 $aSES 996 $aFamiglia come relazione sociale$9510037 997 $aUNINA LEADER 03533oam 2200637zu 450 001 9910157842503321 005 20230120042543.0 010 $a0-19-178714-0 035 $a(CKB)3710000000264269 035 $a(SSID)ssj0001542518 035 $a(PQKBManifestationID)16131271 035 $a(PQKBTitleCode)TC0001542518 035 $a(PQKBWorkID)14790331 035 $a(PQKB)11569437 035 $a(StDuBDS)EDZ0000898742 035 $a(MiAaPQ)EBC4842065 035 $a(MiAaPQ)EBC7033374 035 $a(Au-PeEL)EBL7033374 035 $a(OCoLC)897444604 035 $a(EXLCZ)993710000000264269 100 $a20160829d2014 uy 101 0 $aeng 135 $aur||||||||||| 181 $ctxt 182 $cc 183 $acr 200 10$aPhysics of long-range interacting systems 210 1$aOxford :$cOxford University Press,$d2014. 215 $a1 online resource (xvi, 410 pages) $cillustrations (black and white) 300 $aBibliographic Level Mode of Issuance: Monograph 311 08$a0-19-958193-2 320 $aIncludes bibliographical references and index. 327 $aBasics of statistical mechanics of short-range interacting systems -- Equilibrium statistical mechanics of long-range interactions -- The large deviations method and its applications -- Solutions of mean field models -- Beyond mean-field models -- Quantum long-range systems -- BBGKY hierarchy, kinetic theories and the Boltzmann equation -- Kinetic theory of long-range systems: Klimontovich, Vlasov and Lenard-Balescu equations -- Out-of-equilibrium dynamics and slow relaxation -- Gravitational systems -- Two-dimensional and geophysical fluid mechanics -- Cold coulomb systems -- Hot plasma -- Wave-particles interaction -- Dipolar systems -- Appendixes: A. Features of the main models studied throughout the book -- B. Evaluation of the laplace integral outside the analyticity strip -- C. The equilibrium form of the one-particle distribution function in short-range interacting systems -- D. The differential cross-section of a binary collision -- E. Autocorrelation of the fluctuations of the one-particle density -- F. Derivation of the Fokker-Planck coefficients. 330 8 $aThis title deals with an important class of many-body systems: those where the interaction potential decays slowly for large inter-particle distance. In particular, systems where the decay is slower than the inverse inter-particle distance raised to the dimension of the embedding space. Gravitational and Coulomb interactions are the most prominent examples. However, it has become clear that long-range interactions are more common than previously thought. This has stimulated a growing interest in the study of long-range interacting systems, with a better understanding of the many peculiarities in their behaviour. 606 $aStatistical physics 606 $aSystem theory 606 $aAtomic Physics$2HILCC 606 $aPhysics$2HILCC 606 $aPhysical Sciences & Mathematics$2HILCC 615 0$aStatistical physics. 615 0$aSystem theory. 615 7$aAtomic Physics 615 7$aPhysics 615 7$aPhysical Sciences & Mathematics 676 $a530.13 700 $aCampa$b Alessandro$01081644 702 $aDauxois$b T 702 $aFanelli$b D 702 $aDauxois$b T 702 $aFanelli$b D 702 $aRuffo$b Stefano 801 0$bPQKB 906 $aBOOK 912 $a9910157842503321 996 $aPhysics of long-range interacting systems$92783340 997 $aUNINA